[Event "Catalunya-ch (Women)"]
[Site "Barbera del Valles"]
[Date "2010.12.06"]
[Round "4"]
[White "Escobar Figueroa, Sandra"]
[Black "Ruiz Font, Elisabet"]
[Result "0-1"]
[WhiteElo "1810"]
[BlackElo "1920"]
[PlyCount "76"]
[EventDate "2010.12.04"]
[EventType "swiss"]
[EventRounds "6"]
[EventCountry "ESP"]
[SourceTitle "EXT 2019"]
[Source "ChessBase"]
[SourceDate "2018.10.10"]
[SourceVersion "1"]
[SourceVersionDate "2018.10.10"]
[SourceQuality "1"]

1. e4 c5 2. Nf3 g6 3. d4 cxd4 4. Nxd4 Bg7 5. Nc3 Nc6 6. Be3 Nf6 7. Be2 0-0 8. 0-0 d5 9. exd5 Nxd5 10. Nxd5 Qxd5 11. Bf3 Qc4 12. Nxc6 bxc6 13. c3 Rb8 14. Be2 Qd5 15. Qc1 a5 16. Rd1 Qf5 17. Bd3 Qh5 18. Qc2 Be6 19. b3 Bd5 20. Be2 Qh4 21. Rac1 Rfd8 22. g3 Qe4 23. Qxe4 Bxe4 24. Bd4 Bxd4 25. cxd4 Rb4 26. Bc4 a4 27. f4 e6 28. Kf2 axb3 29. axb3 Bd5 30. Rc2 Rxb3 31. Bxd5 cxd5 32. Rcd2 Rdb8 33. h3 Rc3 34. Rd3 Rbb3 35. Rxc3 Rxc3 36. Rd2 h5 37. h4 Kg7 38. Kg2 Kf6 0-1

[Event "Catalunya-ch (Women)"]
[Site "Barbera del Valles"]
[Date "2010.12.05"]
[Round "3"]
[White "Marin Benito, Carla"]
[Black "Escobar Figueroa, Sandra"]
[Result "1-0"]
[WhiteElo "1864"]
[BlackElo "1810"]
[PlyCount "92"]
[EventDate "2010.12.04"]
[EventType "swiss"]
[EventRounds "6"]
[EventCountry "ESP"]
[SourceTitle "EXT 2019"]
[Source "ChessBase"]
[SourceDate "2018.10.10"]
[SourceVersion "1"]
[SourceVersionDate "2018.10.10"]
[SourceQuality "1"]

1. e4 e5 2. Nc3 Nf6 3. g3 Nc6 4. Bg2 d6 5. h3 Be7 6. d3 Be6 7. Nge2 d5 8. exd5 Nxd5 9. 0-0 0-0 10. Kh2 f5 11. f4 Nxc3 12. Nxc3 exf4 13. Bxf4 Bd6 14. Qd2 a6 15. Rae1 Qd7 16. a3 Rae8 17. Nd5 Kh8 18. Bxd6 Qxd6 19. Nf4 Bd7 20. Qc3 b6 21. Nd5 Rc8 22. Re2 Be6 23. Nf4 Nd4 24. Re3 c5 25. Nxe6 Nxe6 26. Qe5 Qxe5 27. Rxe5 Nd4 28. c3 Nb5 29. Rexf5 Rxf5 30. Rxf5 Nd6 31. Re5 g6 32. Re7 Rd8 33. Bc6 Rf8 34. Re6 Rd8 35. g4 a5 36. Kg3 Kg8 37. Re7 h5 38. Rd7 Rxd7 39. Bxd7 hxg4 40. hxg4 g5 41. Kf3 Kf7 42. Ke3 Ke7 43. Bc6 Ke6 44. b3 b5 45. d4 cxd4+ 46. Kxd4 Ne8 1-0

[Event "Catalunya-ch U20"]
[Site "Vila Seca"]
[Date "2010.03.31"]
[Round "1"]
[White "Escobar Figueroa, Sandra"]
[Black "Subirats Ruiz, Sergi"]
[Result "1/2-1/2"]
[WhiteElo "1806"]
[BlackElo "2123"]
[PlyCount "86"]
[EventDate "2010.03.31"]
[EventType "swiss"]
[EventRounds "9"]
[EventCountry "ESP"]
[SourceTitle "CBM 135 Extra"]
[Source "ChessBase"]
[SourceDate "2010.05.04"]
[SourceVersion "1"]
[SourceVersionDate "2010.05.04"]
[SourceQuality "1"]

1. e4 e5 2. Nf3 Nc6 3. Bc4 Bc5 4. c3 Nf6 5. d3 a6 6. Bb3 d6 7. Nbd2 h6 8. 0-0 Bg4 9. h3 Bh5 10. Re1 g5 11. Nf1 g4 12. hxg4 Bxg4 13. Be3 Rg8 14. Bxc5 dxc5 15. Ne3 Qd7 16. g3 0-0-0 17. Nxg4 Rxg4 18. Nh2 Rg6 19. Qf3 Kb8 20. Rad1 Qe7 21. Nf1 Ng4 22. Ne3 h5 23. Nf5 Qg5 24. Kg2 Rh8 25. Rh1 Rf6 26. Rh4 Ne7 27. Rdh1 Nxf5 28. Rxg4 hxg4 29. Rxh8+ Ka7 30. Qe2 Nd6 31. Rh4 Rg6 32. Rh7 Rg7 33. Rxg7 Qxg7 34. Qe3 b6 35. Bd5 Qf6 36. a4 Ne8 37. f3 c6 38. Bb3 Nd6 39. fxg4 Qg6 40. Qf3 b5 41. axb5 cxb5 42. Bd5 Kb6 43. Qf2 Qxg4 1/2-1/2

[Event "ESP-ch U18"]
[Site "Padron"]
[Date "2008.07.27"]
[Round "2"]
[White "Escobar Figueroa, Sandra"]
[Black "Guadamuro Torrente, Anabel"]
[Result "1/2-1/2"]
[WhiteElo "1794"]
[BlackElo "2105"]
[PlyCount "84"]
[EventDate "2008.07.27"]
[EventType "swiss"]
[EventRounds "9"]
[EventCountry "ESP"]
[SourceTitle "CBM 125 Extra"]
[Source "ChessBase"]
[SourceDate "2008.09.01"]
[SourceVersion "1"]
[SourceVersionDate "2008.09.01"]
[SourceQuality "1"]

1. e4 e5 2. Nf3 Nc6 3. Bc4 Bc5 4. c3 Nf6 5. d3 0-0 6. 0-0 d6 7. Nbd2 Kh8 8. Bb3 Ng8 9. Re1 f5 10. exf5 Bxf5 11. Ne4 Bb6 12. h3 Na5 13. Bc2 Qd7 14. Ng3 Bg6 15. Be3 Bxe3 16. Rxe3 Nh6 17. b4 Nc6 18. Bb3 Rf4 19. Bd5 Raf8 20. Qd2 Ne7 21. Be4 Nhf5 22. Bxf5 Nxf5 23. Ne2 Nxe3 24. Nxf4 exf4 25. fxe3 Bh5 26. Ng5 h6 27. Ne4 f3 28. Rf1 Re8 29. Ng3 fxg2 30. Qxg2 Bg6 31. e4 Qb5 32. Rf3 Qe5 33. Ne2 Bh7 34. Rf7 c5 35. Rxb7 c4 36. d4 Qf6 37. Rxa7 Bxe4 38. Qf2 Qg5+ 39. Qg3 Qf6 40. Qf2 Qg5+ 41. Qg3 Qf6 42. Qf2 Qg5+ 1/2-1/2

[Event "Catalunya-ch U20"]
[Site "Catalunya"]
[Date "2008.03.24"]
[Round "8"]
[White "Lillo Castany, Victor"]
[Black "Escobar Figueroa, Sandra"]
[Result "1-0"]
[WhiteElo "2109"]
[BlackElo "1770"]
[PlyCount "29"]
[EventDate "2008.03.19"]
[EventType "swiss"]
[EventRounds "9"]
[EventCountry "ESP"]
[SourceTitle "EXT 2010"]
[Source "ChessBase"]
[SourceDate "2010.11.25"]
[SourceVersion "1"]
[SourceVersionDate "2010.11.25"]
[SourceQuality "1"]

1. e4 e5 2. Nf3 Nf6 3. Nxe5 d6 4. Nf3 Nxe4 5. Nc3 Nxc3 6. dxc3 Be7 7. Bf4 Bf5 8. Qd2 Nd7 9. 0-0-0 Nc5 10. Nd4 Bg6 11. Bb5+ Nd7 12. h4 a6 13. Bc6 Qb8 14. Rde1 h5 15. Qe3 1-0

[Event "Catalunya-ch U20"]
[Site "Catalunya"]
[Date "2008.03.22"]
[Round "5"]
[White "Escobar Figueroa, Sandra"]
[Black "Riera Morilla, Elizabeth"]
[Result "1-0"]
[WhiteElo "1770"]
[BlackElo "1925"]
[PlyCount "103"]
[EventDate "2008.03.19"]
[EventType "swiss"]
[EventRounds "9"]
[EventCountry "ESP"]
[SourceTitle "EXT 2010"]
[Source "ChessBase"]
[SourceDate "2010.11.25"]
[SourceVersion "1"]
[SourceVersionDate "2010.11.25"]
[SourceQuality "1"]

1. e4 c5 2. Nf3 g6 3. d4 cxd4 4. Nxd4 Bg7 5. Nc3 Nc6 6. Be3 Nf6 7. Bb5 0-0 8. 0-0 Qa5 9. Nb3 Qc7 10. Qd2 a6 11. Be2 d6 12. Bh6 b5 13. Bxg7 Kxg7 14. h4 Ne5 15. Rac1 Nc4 16. Bxc4 Qxc4 17. Qd4 Be6 18. Rfe1 Rfb8 19. e5 dxe5 20. Rxe5 Nd7 21. Re4+ Kg8 22. Qe3 Qc7 23. Nd4 Nc5 24. Nxe6 Nxe6 25. Nd5 Qd6 26. Rd1 Rd8 27. Nf6+ exf6 28. Rxd6 Rxd6 29. Qf3 Rad8 30. Qxf6 Rd1+ 31. Kh2 R1d2 32. Re3 R8d5 33. Rf3 Rd7 34. Qc3 Nd4 35. Qc8+ Kg7 36. Rd3 Rxd3 37. cxd3 Rd6 38. Qc5 Rd7 39. Qb6 Rd5 40. Qxa6 Rh5 41. g3 g5 42. Qd6 Nf3+ 43. Kg2 g4 44. Qf4 f5 45. Qc7+ Kf6 46. Qd8+ Kg7 47. Qd7+ Kf6 48. Qxb5 Rh6 49. Qc6+ Kg7 50. Qd7+ Kf6 51. a4 Rg6 52. a5 1-0